2020 PFWA All-Rookie Team NFL - Statistics

General Stats
  • This quiz has been taken 58 times
  • The average score is 12 of 27
Answer Stats
Position Player Team % Correct
QB Justin Herbert Chargers
100%
WR Justin Jefferson Vikings
98%
RB Jonathan Taylor Colts
96%
RB James Robinson Jaguars
82%
WR Chase Claypool Steelers
78%
T Tristan Wirfs Buccaneers
74%
DL Chase Young WFT
72%
S Antoine Winfield Jr. Buccaneers
62%
DL Derrick Brown Panthers
60%
LB Isaiah Simmons Cardinals
54%
LB Patrick Queen Ravens
54%
K Rodrigo Blankenship Colts
46%
S Jeremy Chinn Panthers
40%
CB L'Jarius Sneed Chiefs
40%
DL Javon Kinlaw 49ers
38%
LB Kenneth Murray Chargers
38%
TE Harrison Bryant Browns
30%
T Jedrick Willis Browns
28%
G Damien Lewis Seahawks
22%
G Michael Onwenu Patriots
22%
P Tommy Townsend Chiefs
22%
CB Cameron Dantzler Vikings
18%
C Lloyd Cushenberry Broncos
18%
DL Raekwon Davis Dolphins
12%
KR Isaiah Rodgers Colts
10%
PR James Porche Ravens
2%
ST Jordan Glasgow Colts
2%
No matching quizzes found
Score Distribution
Percent of People with Each Score
Percentile by Number Answered
Your Score History
You have not taken this quiz